00362 a2200145 4500003000400000005001700004008004100021020001800062040000900080082002100089100001900110245003900129260003900168300000900207OSt20240106122148.0231216b |||||||| |||| 00| 0 eng d a9789350000045 coclc a891.43371bSHA/B aSharma, Nasira aBAHISHTE ZAHARA /cNasera Sharma,  aNew Delhi:bVani Prakashan,c2020. a292p